India and China / (Record no. 142069)

MARC details
000 -LEADER
fixed length control field 00555nam a22001937a 4500
005 - DATE AND TIME OF LATEST TRANSACTION
control field 20170629102400.0
010 ## - LCCN (DPL NO)
LC control number ENG-119001
020 ## - INTERNATIONAL STANDARD BOOK NUMBER
Terms of availability 4500.00
International Standard Book Number 9788177421460
035 ## - SYSTEM CONTROL NUMBER
System control number EN-102533
037 ## - SOURCE OF ACQUISITION
Source of stock number/acquisition DBAD/PUB
082 ## - DEWEY DECIMAL CLASSIFICATION NUMBER
Classification number 327.54051
100 ## - MAIN ENTRY--PERSONAL NAME
Personal name Lokesh Chandra
245 ## - TITLE STATEMENT
Title India and China /
Statement of responsibility, etc by Lokesh Chandra
260 ## - PUBLICATION, DISTRIBUTION, ETC. (IMPRINT)
Place of publication, distribution, etc New Delhi
Name of publisher, distributor, etc Aditya Prakashan
Date of publication, distribution, etc 2016
270 ## - ADDRESS
City New Delhi
Postal code 110002
Address 2/18 Ansari Road, Daryaganj
300 ## - PHYSICAL DESCRIPTION
Extent 469p.
Dimensions 28cm(Hb)
Other physical details ill
500 ## - GENERAL NOTE
General note includes index
942 ## - ADDED ENTRY ELEMENTS (KOHA)
Source of classification or shelving scheme Dewey Decimal Classification
Item type English Books
Call number suffix LOK
Classification part 327.54051
Holdings
Withdrawn status Lost status Not for loan Collection code Home library Current library Date acquired Source of acquisition Cost, normal purchase price Full call number Barcode Copy number Cost, replacement price Koha item type
    Not For Loan Reference Central Library Central Library 28/06/2017 DBAD/PUB. 4500.00 327.54051 LOK EN-102533 1 4500.00 English Books

© Delhi Public Library
Hit Counter
free hit counter